Клондайк моторного топлива; Нефть России; № 5

Бібліографічні деталі
Parent link:Нефть России: аналитический журнал.— , 1996, 1999-2012
№ 5.— 2003.— С. 36-39
Автор: Гельман М. Моисей
Мова:Російська
Опубліковано: 2003
Серія:Ресурсы
Предмети:
Формат: Частина з книги
KOHA link:https://koha.lib.tpu.ru/cgi-bin/koha/opac-detail.pl?biblionumber=386654

MARC

LEADER 00000naa2a2200000 4500
001 386654
005 20231101063514.0
035 |a (RuTPU)RU\TPU\prd\15664 
090 |a 386654 
100 |a 20030626a2003 k y0rusy50 ca 
101 0 |a rus 
102 |a RU 
200 1 |a Клондайк моторного топлива  |f М. Гельман 
225 1 |a Ресурсы 
461 1 |0 (RuTPU)RU\TPU\prd\1610  |t Нефть России  |o аналитический журнал  |d 1996, 1999-2012 
463 1 |0 (RuTPU)RU\TPU\prd\15378  |t № 5  |v С. 36-39  |d 2003 
610 1 |a попутные углеводороды 
610 1 |a высокооктановый бензин 
610 1 |a вторичные углеводороды 
610 1 |a моторное топливо 
610 1 |a газовый конденсат 
700 1 |a Гельман  |b М.  |g Моисей 
801 1 |a RU  |b 63413507  |c 20030626  |g PSBO 
801 2 |a RU  |b 63413507  |c 20150115  |g RCR 
942 |c BK